Anteproyecto del museo táctil de arte contemporáneo, inclusivo para la ciudad de Managua

Se realiza un anteproyecto del museo táctil de arte contemporáneo, inclusivo para la ciudad de Managua, haciendo uso de todas las normas y leyes con la finalidad de ofrecer una solución arquitectónica creativa, inclusiva, accesible, para la creación del museo de arte contemporáneo siendo unos...

Full description

Bibliographic Details
Main Authors: Huerta Álvarez, Katia, Zambrana Largaespada, Alexandra Vanessa
Other Authors: Tutor: Traña Padilla, Karen Astrid
Format: Tesis Section = Libro
Language:Undetermined
Spanish
Published: Managua UNI 2014
Subjects:
LEADER 01436nam a2200277Ia 4500
008 240830s9999 xx 000 0 und d
040 |a BIBLIOTECA-RUSB/ Mon 727.7 H887 
041 |a spa 
082 |a Mon 727.7 H887 
100 1 |a Huerta Álvarez, Katia 
100 1 |b Zambrana Largaespada, Alexandra Vanessa 
245 1 0 |a Anteproyecto del museo táctil de arte contemporáneo, inclusivo para la ciudad de Managua 
260 |a Managua  |b UNI  |c 2014 
300 |a 149 p. :il. 
500 |a Contiene: anexos e Incluye: CD. 
502 |a Tesis (Arquitecto) - UNI, 2014. 
520 3 |a Se realiza un anteproyecto del museo táctil de arte contemporáneo, inclusivo para la ciudad de Managua, haciendo uso de todas las normas y leyes con la finalidad de ofrecer una solución arquitectónica creativa, inclusiva, accesible, para la creación del museo de arte contemporáneo siendo unos de sus principales objetivos de contener arte palpable, se localiza en Managua que es altamente sísmica y comercial, asimismo se pretende vincular el diseño a un entorno educativo, contribuir a la imagen urbana del sitio. 
650 7 |a MUSEO-ARTE CONTEMPORÁNEO 
650 7 |b  MUSEO TÁCTIL- MANAGUA 
650 7 |c  ARQUITECTURA - DISEÑOS Y PLANOS 
650 7 |d  DISEÑOS ARQUITECTÓNICOS 
650 7 |e  ESPACIOS ARQUITECTÓNICOS 
700 1 |a Tutor:  |b Traña Padilla, Karen Astrid 
942 |c BK  |2 ddc 
991 |a TESIS 
999 |c 21422